Otázky vědeckotechnického rozvoje na půdě problémů národohospodářského výhledu ČSSR

Saved in:
Bibliographic Details
Main Author: Komárek, Valtr
Format: Book
Language:Czech
Published: Praha Ústředí vědeckých, technických a ekonomických informací 1987
Edition:1. vyd.
Tags: Add Tag
No Tags, Be the first to tag this record!

MARC

LEADER 00000nam a2200000 4500
001 c024058
005 20251111105437.2
041 0 |a cze 
044 |a CZ 
245 1 0 |a Otázky vědeckotechnického rozvoje na půdě problémů národohospodářského výhledu ČSSR  |c Valtr Komárek 
250 |a 1. vyd. 
264 1 |a Praha  |b Ústředí vědeckých, technických a ekonomických informací  |c 1987 
300 |a 128 s. 
100 1 |a Komárek, Valtr